000 00683nam a2200229Ia 4500
003 OSt
005 20220926033836.0
006 a|||||r|||| 00| 0
007 ta
008 220923b |||||||| |||| 00| 0 eng d
037 _cGeneral Book
040 _aRTL
_cRTL
_beng
041 _2eng
_aeng
082 _aY:5.252sN71, L1.21-2C1
100 _aCensus of India,1971
245 0 _aSocial and cultural tables. Uttar Pradesh V.21, Pt. 2C2.
260 _aUttar Pradesh
_bGovt. Press
_c1971
490 _vPt. 2CII
500 _aBibliography: p 329-76
942 _hY:5.252sN71, L1.21-2C1
_cGB
_2CC
999 _c658010
_d658010